000 00416nam a22001697a 4500
003 OSt
008 230510b |||||||| |||| 00| 0 eng d
020 _a9781781251560
082 _a650.1 GOW
100 _aGOLDSMITH,Marshall
245 _aWhat Got You Here Won't Get You There
250 _a1st Ed
260 _aNew Delhi
_bProfile Books
_c2013
300 _a281
650 _aDecentralization
942 _2ddc
_cBK
999 _c12011
_d12011